[Event "TCh-CHN 2017"]
[Site "China CHN"]
[Date "2017.12.03"]
[Round "20.2"]
[Board "5"]
[White "Ren, Xiaoyi"]
[Black "Muzychuk, Mariya"]
[Result "1/2-1/2"]
[BlackTitle "GM"]
[WhiteElo "2254"]
[BlackElo "2544"]
[WhiteTeam "Chengdu"]
[BlackTeam "Hebei"]
[WhiteFideId "8608709"]
[BlackFideId "14114550"]
[EventDate "2017.04.18"]

1. d4 d5 2. Nf3 Nf6 3. g3 Bf5 4. Bg2 c6 5. O-O Nbd7 6. Nbd2 h6 7. c4 e6 8. Qb3
Qc7 9. Re1 Bd6 10. c5 Be7 11. Qc3 a5 12. b3 b6 13. cxb6 Qxb6 14. a3 O-O 15. Bb2
c5 16. Rac1 Rfb8 17. dxc5 Nxc5 18. Nd4 Bg6 19. a4 Kh7 20. Ba1 Rc8 21. Qb2 e5 22.
Nb5 Ncd7 23. Bh3 Bb4 24. Rf1 Rc5 25. Nf3 d4 26. Nd2 Bxd2 27. Qxd2 Rac8 28. Rxc5
Rxc5 29. b4 axb4 30. Qxb4 d3 31. exd3 Bxd3 32. Rd1 Rc2 33. Qe1 Re2 34. Qf1 e4
35. Bd4 Qb7 36. Bg2 Rd2 37. Qe1 Rxd1 38. Qxd1 Bxb5 39. axb5 Qxb5 40. Qc2 Qd5 41.
Bxf6 Nxf6 42. h3 g6 43. Kf1 Qd4 44. Qe2 Kg7 45. Qe1 Kf8 46. Qc1 Qd3+ 47. Kg1 Kg7
48. Qe1 g5 49. Bf1 Qd4 50. Bg2 Kg6 51. Qe2 Qd3 52. Qe1 h5 53. Bf1 Qd4 54. Bg2
Kf5 55. Qa5+ Qd5 56. Qc7 Nd7 57. Qc8 Qe6 58. Qh8 Nf6 59. Qb8 Qe5 60. Qc8+ Kg6
61. Qc2 Qd4 62. Qb1 Qd3 63. Qe1 Kf5 64. Qa5+ Nd5 65. Qc5 Kg6 66. Qd6+ Nf6 67.
Qe5 Qd1+ 68. Kh2 Qe2 69. Qd4 Qc2 70. Qe3 Qd3 71. Qe1 h4 72. gxh4 gxh4 73. Kg1
Kf5 74. Qa5+ Qd5 75. Qc7 Nh5 76. Qc8+ Qe6 77. Qd8 Nf6 78. Qd4 Qd5 79. Qe3 Qd1+
80. Kh2 Qd3 81. Qh6 Qd6+ 82. Kg1 Qf4 83. Qf8 Qc1+ 84. Kh2 Qc7+ 85. Kg1 Kg6 86.
Qa3 Qf4 87. Qc3 Kg5 88. Qc5+ Qf5 89. Qe3+ Kg6 90. Qd4 Qg5 91. Kh2 Qf4+ 92. Kg1
Kf5 93. Qc5+ Qe5 94. Qc8+ Qe6 95. Qc5+ Nd5 96. Qb5 Kg6 97. Bf1 Nf4 98. Qb8 Qf6
99. Qg8+ Qg7 100. Qe8 Kf5+ 101. Kh1 Ne6 102. Qe7 Qf6 103. Qd7 Kg6 104. Qd2 Ng5
105. Bg2 Qf5 106. Qe3 Nf3 107. Qb6+ Qf6 108. Qa7 Ng5 109. Qa8 Qd4 110. Qg8+ Kh6
111. Qf8+ Kh7 112. Qe7 Kg6 113. Kg1 Qd5 114. Qe8 Kf5 115. Qc8+ Qe6 116. Qc5+ Kf6
117. Qd4+ Qe5 118. Qd8+ Kg7 119. Qd2 Kg6 120. Qe2 Qf5 121. Qe3 Kg7 122. Qc3+ Qf6
123. Qc5 Kg6 124. Qc2 Qe6 125. Qc3 f5 126. Qh8 e3 127. fxe3 Qxe3+ 128. Kh2 Qg3+
129. Kh1 Qe1+ 130. Kh2 Nf3+ 131. Bxf3 Qg3+ 132. Kh1 Qxf3+ 133. Kg1 Qg3+ 134. Kh1
Qxh3+ 135. Kg1 Qe3+ 136. Kh2 Qe2+ 137. Kg1 Qe7 138. Kh2 Kg5 139. Qg8+ Kf4 140.
Qc4+ Qe4 141. Qc1+ Kg4 142. Qg1+ Kh5 143. Qd1+ Qg4 144. Qd7 Qe2+ 145. Kh1 Qe4+
146. Kh2 Qe5+ 147. Kh1 Qe1+ 148. Kh2 Kg4 149. Qg7+ Kf3 150. Qg2+ Kf4 151. Qf1+
Qxf1 1/2-1/2

[Event "TCh-CHN 2017"]
[Site "China CHN"]
[Date "2017.12.03"]
[Round "20.3"]
[Board "1"]
[White "Xu, Jun"]
[Black "Lu, Shanglei"]
[Result "0-1"]
[WhiteTitle "GM"]
[BlackTitle "GM"]
[WhiteElo "2507"]
[BlackElo "2641"]
[WhiteTeam "Jiangsu"]
[BlackTeam "Zhejiang"]
[WhiteFideId "8600031"]
[BlackFideId "8603332"]
[EventDate "2017.04.18"]

1. d4 d6 2. Nf3 g6 3. c4 f5 4. g3 Bg7 5. Bg2 Nf6 6. O-O O-O 7. Nc3 c6 8. d5 Bd7
9. Nd4 c5 10. Nf3 Na6 11. Re1 Nc7 12. a4 h6 13. e4 fxe4 14. Nxe4 Nxe4 15. Rxe4
Rf7 16. Re1 e6 17. dxe6 Bxe6 18. Qd3 Qd7 19. Be3 Re8 20. Nd2 Bf5 21. Be4 Bxe4
22. Nxe4 Qf5 23. f3 Qxf3 24. Nd2 Qf6 25. Rab1 Na6 26. Bf4 Rfe7 27. Rxe7 Rxe7 28.
Bxd6 Qd4+ 29. Qxd4 Bxd4+ 30. Kh1 Re6 31. Bf4 g5 0-1

[Event "TCh-CHN 2017"]
[Site "China CHN"]
[Date "2017.12.03"]
[Round "20.3"]
[Board "2"]
[White "Lin, Chen"]
[Black "Lan, Zilun"]
[Result "1-0"]
[WhiteTitle "GM"]
[WhiteElo "2477"]
[BlackElo "2361"]
[WhiteTeam "Jiangsu"]
[BlackTeam "Zhejiang"]
[WhiteFideId "8602298"]
[BlackFideId "8604193"]
[EventDate "2017.04.18"]

1. e4 c6 2. Nc3 d5 3. Nf3 Bg4 4. h3 Bxf3 5. Qxf3 Nf6 6. d3 e6 7. Bd2 Nbd7 8.
O-O-O b5 9. g4 Nb6 10. g5 Nfd7 11. exd5 Nxd5 12. Nxd5 cxd5 13. d4 Qb6 14. h4 g6
15. h5 Bg7 16. Be3 b4 17. Bd3 Rg8 18. Rh4 Ke7 19. Rf4 Raf8 20. Rh1 Bh8 21. hxg6
hxg6 22. Rh7 Rg7 23. Qh1 Qb8 24. Rfh4 Rgg8 25. Bf4 e5 26. Bg3 Kd6 27. f4 exd4
28. Rxh8 1-0

[Event "TCh-CHN 2017"]
[Site "China CHN"]
[Date "2017.12.03"]
[Round "20.3"]
[Board "3"]
[White "Wei, Yi"]
[Black "Ding, Liren"]
[Result "1/2-1/2"]
[WhiteTitle "GM"]
[BlackTitle "GM"]
[WhiteElo "2743"]
[BlackElo "2777"]
[WhiteTeam "Jiangsu"]
[BlackTeam "Zhejiang"]
[WhiteFideId "8603405"]
[BlackFideId "8603677"]
[EventDate "2017.04.18"]

1. e4 e5 2. Nf3 Nc6 3. Nc3 Nf6 4. Bb5 Nd4 5. Bc4 Bc5 6. Nxe5 Qe7 7. Nf3 d5 8.
Bxd5 Bg4 9. d3 O-O-O 10. Be3 Nxd5 11. Nxd5 Rxd5 12. exd5 Re8 13. c3 Nxf3+ 14.
gxf3 Qh4 15. Kd2 Rxe3 16. fxe3 Qf2+ 17. Kc1 Bxf3 18. Qe1 Bxe3+ 19. Kb1 Bxh1 20.
Qxh1 Qe2 21. a4 Qxd3+ 22. Ka2 Qc4+ 23. Kb1 Qd3+ 24. Ka2 Qc4+ 25. Kb1 Qd3+ 26.
Ka2 Qc4+ 27. Kb1 Qd3+ 28. Ka2 1/2-1/2

[Event "TCh-CHN 2017"]
[Site "China CHN"]
[Date "2017.12.03"]
[Round "20.3"]
[Board "4"]
[White "Ding, Yixin"]
[Black "Shen, Yang"]
[Result "1/2-1/2"]
[WhiteTitle "WGM"]
[BlackTitle "IM"]
[WhiteElo "2424"]
[BlackElo "2465"]
[WhiteTeam "Zhejiang"]
[BlackTeam "Jiangsu"]
[WhiteFideId "8602972"]
[BlackFideId "8603162"]
[EventDate "2017.04.18"]

1. e4 e5 2. Nf3 Nc6 3. Bb5 Nf6 4. O-O Nxe4 5. Re1 Nd6 6. Nxe5 Be7 7. Bf1 Nxe5 8.
Rxe5 O-O 9. Nc3 Ne8 10. Nd5 Bd6 11. Re1 c6 12. Ne3 Be7 13. Nf5 Bg5 14. d4 Bxc1
15. Qxc1 d5 16. Ne7+ Kh8 17. Nxc8 Rxc8 18. Bd3 g6 19. Qf4 Kg8 20. c3 Qd6 21. Qh4
Qf6 22. Qxf6 Nxf6 23. Re7 Rb8 24. f3 Rfe8 25. Rae1 Kf8 26. Rxe8+ Rxe8 27. Rxe8+
Nxe8 28. Kf2 Nd6 29. Ke3 Ke7 30. Kf4 Kf6 31. a4 a5 32. Be2 b6 1/2-1/2

[Event "TCh-CHN 2017"]
[Site "China CHN"]
[Date "2017.12.03"]
[Round "20.3"]
[Board "5"]
[White "Zhu, Jiner"]
[Black "Guo, Qi"]
[Result "1/2-1/2"]
[BlackTitle "IM"]
[WhiteElo "2324"]
[BlackElo "2396"]
[WhiteTeam "Zhejiang"]
[BlackTeam "Jiangsu"]
[WhiteFideId "8608059"]
[BlackFideId "8604002"]
[EventDate "2017.04.18"]

1. e4 e5 2. Nf3 Nc6 3. Bc4 Bc5 4. O-O Nf6 5. d3 O-O 6. c3 d6 7. Bb3 h6 8. Nbd2
a6 9. h3 Ba7 10. Re1 Re8 11. Nf1 Be6 12. Bc2 d5 13. exd5 Qxd5 14. Ng3 Rad8 15.
Qe2 Bc8 16. Ne4 Nxe4 17. dxe4 Qd6 18. Be3 Bxe3 19. Qxe3 Qe7 20. Rad1 Rxd1 21.
Rxd1 Rd8 22. Rxd8+ Qxd8 23. Ba4 b5 24. Bb3 Qd6 25. Qd2 Qxd2 26. Nxd2 Kf8 27. Kf1
Ke7 28. Ke2 f6 29. Bd5 Nd8 30. b4 Be6 31. Bxe6 Nxe6 32. Nb3 Kd6 33. Ke3 c5 34.
g3 c4 1/2-1/2

[Event "TCh-CHN 2017"]
[Site "China CHN"]
[Date "2017.12.03"]
[Round "20.4"]
[Board "1"]
[White "Ni, Hua"]
[Black "Wang, Yue"]
[Result "1/2-1/2"]
[WhiteTitle "GM"]
[BlackTitle "GM"]
[WhiteElo "2671"]
[BlackElo "2690"]
[WhiteTeam "Shanghai"]
[BlackTeam "Tianjin"]
[WhiteFideId "8601160"]
[BlackFideId "8601429"]
[EventDate "2017.04.18"]

1. e4 e5 2. Nf3 Nf6 3. Nc3 Nc6 4. d4 exd4 5. Nxd4 Bb4 6. Nxc6 bxc6 7. Bd3 O-O 8.
O-O d5 9. exd5 cxd5 10. Bg5 c6 11. Qf3 Bd6 12. Bxf6 Qxf6 13. Qxf6 gxf6 14. Ne2
Bd7 15. Ng3 Rfe8 16. Nf5 Bxf5 17. Bxf5 Re7 18. Rfe1 Rae8 19. Rxe7 Rxe7 20. Kf1
h6 21. Re1 Kf8 22. Rxe7 Kxe7 23. g3 Be5 24. c3 Bc7 25. Ke2 Bb6 26. f4 Bg1 27.
Kf1 Be3 28. Ke2 Bg1 29. Kf1 Be3 30. Ke2 Bg1 1/2-1/2

[Event "TCh-CHN 2017"]
[Site "China CHN"]
[Date "2017.12.03"]
[Round "20.4"]
[Board "2"]
[White "Zhou, Jianchao"]
[Black "Cheparinov, Ivan"]
[Result "1/2-1/2"]
[WhiteTitle "GM"]
[BlackTitle "GM"]
[WhiteElo "2597"]
[BlackElo "2710"]
[WhiteTeam "Shanghai"]
[BlackTeam "Tianjin"]
[WhiteFideId "8603537"]
[BlackFideId "2905540"]
[EventDate "2017.04.18"]

1. d4 d5 2. c4 e6 3. Nc3 c6 4. e3 Nf6 5. Nf3 Nbd7 6. Be2 Bd6 7. O-O O-O 8. a4
Qe7 9. b3 a5 10. Bb2 b6 11. Qc2 Bb7 12. Rac1 Rfe8 13. Rfd1 Rad8 14. h3 h6 15.
Qb1 Bb4 16. Na2 Bd6 17. Nc3 Bb4 18. Na2 Bd6 19. Nc3 Bb4 20. Na2 Bd6 21. Nc3 Bb4
22. Na2 Bd6 23. Nc3 Bb4 24. Na2 Bd6 25. Nc3 Bb4 26. Na2 Bd6 27. Nc3 Bb4 28. Na2
Bd6 29. Nc3 Bb4 30. Na2 Bd6 1/2-1/2

[Event "TCh-CHN 2017"]
[Site "China CHN"]
[Date "2017.12.03"]
[Round "20.4"]
[Board "3"]
[White "Grischuk, Alexander"]
[Black "Li, Yankai"]
[Result "1-0"]
[WhiteTitle "GM"]
[WhiteElo "2772"]
[BlackElo "2456"]
[WhiteTeam "Shanghai"]
[BlackTeam "Tianjin"]
[WhiteFideId "4126025"]
[BlackFideId "8609357"]
[EventDate "2017.04.18"]

1. Nf3 Nf6 2. g3 b6 3. d4 e6 4. Bg2 Bb7 5. c4 Be7 6. Nc3 O-O 7. Qc2 d5 8. cxd5
exd5 9. O-O Na6 10. Rd1 c5 11. Bf4 Qc8 12. Rac1 Rd8 13. a3 h6 14. h4 Ne4 15.
dxc5 Nxc3 16. Qxc3 bxc5 17. b4 Bf6 18. Be5 Bxe5 19. Nxe5 cxb4 20. Qd4 Qe6 21.
axb4 Qd6 22. Qf4 f6 23. Nd3 Qxf4 24. gxf4 Rac8 25. Ra1 Nc7 26. Rxa7 Bc6 27. Rc1
Nb5 28. Ra2 Bb7 29. Rxc8 Rxc8 30. Nc5 Bc6 31. e3 d4 32. Rd2 Bxg2 33. Kxg2 dxe3
34. fxe3 f5 35. Rd5 g6 36. h5 Nc3 37. Re5 Kf7 38. Kf3 Rb8 39. hxg6+ Kxg6 40.
Re6+ Kg7 41. Rc6 Rxb4 42. Ne6+ Kf7 43. Nd8+ Ke7 44. Rxc3 Kxd8 45. Rc5 Ke7 46.
Rxf5 Rb6 47. e4 Rg6 48. Rh5 Kf7 49. f5 Ra6 50. Kf4 Kg7 51. Rh1 Ra2 52. Rg1+ Kf7
53. Rg6 Rf2+ 54. Kg3 Re2 55. Kf3 Rh2 56. e5 h5 57. e6+ Ke7 58. Rg7+ Kf6 59. Rf7+ 1-0

[Event "TCh-CHN 2017"]
[Site "China CHN"]
[Date "2017.12.03"]
[Round "20.4"]
[Board "4"]
[White "Xiao, Yiyi"]
[Black "Muzychuk, Anna"]
[Result "0-1"]
[WhiteTitle "WFM"]
[BlackTitle "GM"]
[WhiteElo "2311"]
[BlackElo "2582"]
[WhiteTeam "Tianjin"]
[BlackTeam "Shanghai"]
[WhiteFideId "8606161"]
[BlackFideId "14111330"]
[EventDate "2017.04.18"]

1. d4 f5 2. e4 fxe4 3. Nc3 Nf6 4. Bg5 Nc6 5. d5 Ne5 6. Qe2 c6 7. Bxf6 gxf6 8.
Qh5+ Nf7 9. O-O-O cxd5 10. Qxd5 Bh6+ 11. Kb1 e6 12. Qxe4 f5 13. Qa4 Bg7 14. Nge2
b5 15. Nxb5 Qb6 16. Ned4 O-O 17. f4 a6 18. Na3 Rb8 19. Nc4 Qc7 20. Be2 Qxf4 21.
Nb3 d5 22. g3 Qf2 23. Bh5 dxc4 24. Bxf7+ Rxf7 25. Qxc4 Bb7 26. Rhf1 Qb6 27. g4
Rc8 0-1

[Event "TCh-CHN 2017"]
[Site "China CHN"]
[Date "2017.12.03"]
[Round "20.5"]
[Board "1"]
[White "Ma, Qun"]
[Black "Xu, Zhihang"]
[Result "1-0"]
[WhiteTitle "GM"]
[BlackTitle "FM"]
[WhiteElo "2638"]
[BlackElo "2373"]
[WhiteTeam "Hangzhou"]
[BlackTeam "Qingdao"]
[WhiteFideId "8603154"]
[BlackFideId "8611572"]
[EventDate "2017.04.18"]

1. Nf3 Nf6 2. c4 c6 3. d4 d5 4. Nc3 dxc4 5. a4 Bf5 6. Ne5 e6 7. f3 Bb4 8. Nxc4
c5 9. dxc5 Qxd1+ 10. Kxd1 Bxc5 11. e4 Bg6 12. Nb5 Na6 13. Nbd6+ Ke7 14. Nxb7
Rac8 15. Ne5 Nb8 16. Nxc5 Rxc5 17. Nd3 Rd8 18. Be3 Rc7 19. Rc1 Rcd7 20. Rc3 Nxe4
21. fxe4 Bxe4 22. Bc5+ Kf6 23. Kd2 Na6 24. Ba3 Nc7 25. Be2 Nd5 26. Nc5 Nxc3+ 27.
Nxd7+ Rxd7+ 28. Kxc3 Bxg2 29. Rg1 Rc7+ 30. Kd4 e5+ 31. Ke3 Bh3 32. Bg4 Rb7 33.
Kd3 Bxg4 34. Rxg4 g5 35. Rc4 Kf5 36. b4 h5 37. b5 g4 38. Bc5 Ke6 39. Bf2 f5 40.
Rc6+ Kd5 41. Ra6 f4 42. Rxa7 e4+ 43. Ke2 Rb8 44. Rf7 e3 45. Bh4 Rc8 46. Rxf4
Rc2+ 47. Kxe3 Rxh2 48. Rf5+ Kc4 49. b6 1-0

[Event "TCh-CHN 2017"]
[Site "China CHN"]
[Date "2017.12.03"]
[Round "20.5"]
[Board "2"]
[White "Vallejo Pons, Francisco"]
[Black "Ma, Zhonghan"]
[Result "1-0"]
[WhiteTitle "GM"]
[BlackTitle "IM"]
[WhiteElo "2707"]
[BlackElo "2471"]
[WhiteTeam "Hangzhou"]
[BlackTeam "Qingdao"]
[WhiteFideId "2205530"]
[BlackFideId "8607206"]
[EventDate "2017.04.18"]

1. Nf3 Nf6 2. c4 e6 3. Nc3 Bb4 4. Qc2 O-O 5. a3 Bxc3 6. Qxc3 d6 7. d4 b6 8. g3
Bb7 9. Bg2 Nbd7 10. O-O c5 11. Rd1 Qe7 12. b4 d5 13. bxc5 bxc5 14. Qb2 Nb6 15.
cxd5 Bxd5 16. dxc5 Qxc5 17. Be3 Qe7 18. Qb4 Qxb4 19. axb4 Rfc8 20. Bf1 Ne4 21.
Ne5 Nc4 22. Bd4 Nxe5 23. Bxe5 Rc2 24. Rdc1 Rxc1 25. Rxc1 f6 26. Bf4 g5 27. Be3
a5 28. f3 Nd6 29. Bc5 Nf7 30. e4 Bb7 31. Bc4 axb4 32. Bxe6 Re8 33. Bb3 Rc8 34.
Rc2 Kg7 35. Bxb4 Ne5 36. Rxc8 Bxc8 37. Kg2 Ba6 38. Bc3 Kg6 39. Kf2 Bc4 40. Ba4
Kf7 41. Bd1 Ba6 42. f4 gxf4 43. gxf4 Nd7 44. Ke3 Bc4 45. Kd4 Ba2 46. Bh5+ Kg7
47. Be8 Nf8 48. f5 h6 49. Kc5 Bb1 50. Bc6 Nh7 51. h4 Bd3 52. Kd6 Be2 53. Ba4 Kf8
54. Bb3 Bf3 55. Bc2 Kf7 56. Bd2 h5 57. Bh6 Nf8 58. Bb3+ Ke8 59. Bd5 Nh7 60. Bg7
Be2 61. Bg8 1-0

[Event "TCh-CHN 2017"]
[Site "China CHN"]
[Date "2017.12.03"]
[Round "20.5"]
[Board "3"]
[White "Gao, Rui"]
[Black "Fang, Yuxiang"]
[Result "1/2-1/2"]
[WhiteTitle "GM"]
[BlackTitle "GM"]
[WhiteElo "2546"]
[BlackElo "2497"]
[WhiteTeam "Hangzhou"]
[BlackTeam "Qingdao"]
[WhiteFideId "8602387"]
[BlackFideId "8605840"]
[EventDate "2017.04.18"]

1. e4 e5 2. Nf3 Nc6 3. Bb5 Nf6 4. d3 Bc5 5. O-O d6 6. Nbd2 O-O 7. Bxc6 bxc6 8.
h3 a5 9. Re1 Re8 10. Nf1 h6 11. Ng3 Bb6 12. a4 Be6 13. b3 Nd7 14. Bb2 c5 15. Nd2
Nb8 16. Nc4 Nc6 17. Re3 Rf8 18. Qd2 Nd4 19. Rf1 c6 20. Qd1 Bc7 21. Bc1 Kh7 22.
Ree1 Rb8 23. Bd2 f6 24. Ne3 d5 25. Bc1 Bd6 26. Nef5 Nxf5 27. Nxf5 Bxf5 28. exf5
Qd7 29. Qg4 Qf7 30. Bd2 Bc7 31. Be3 Bd6 32. Bd2 Bc7 33. Be3 Bd6 1/2-1/2

[Event "TCh-CHN 2017"]
[Site "China CHN"]
[Date "2017.12.03"]
[Round "20.5"]
[Board "4"]
[White "Sun, Fanghui"]
[Black "Gu, Tianlu"]
[Result "1-0"]
[BlackTitle "WIM"]
[WhiteElo "2126"]
[BlackElo "2197"]
[WhiteTeam "Qingdao"]
[BlackTeam "Hangzhou"]
[WhiteFideId "8604150"]
[BlackFideId "8603995"]
[EventDate "2017.04.18"]

1. e4 c5 2. c3 Nf6 3. e5 Nd5 4. d4 cxd4 5. Nf3 Nc6 6. cxd4 d6 7. Bc4 dxe5 8.
dxe5 Ndb4 9. Qb3 e6 10. Bg5 Qa5 11. O-O Nxe5 12. Nxe5 Qxe5 13. Bd2 Nc6 14. Re1
Qc7 15. Nc3 Be7 16. Nb5 Qb8 17. Re4 O-O 18. Rae1 a6 19. Bf4 e5 20. Bxe5 Nxe5 21.
Rxe5 Bd7 22. Rxe7 Bxb5 23. Bxf7+ Kh8 24. Qe3 Qd6 25. Qg5 Qd4 26. h3 Rac8 27. Qe3
Qxb2 28. Rxb7 Qf6 29. Qe7 Qd4 30. Qe3 Qf6 31. Qe7 Qd4 32. Qe5 Qxe5 33. Rxe5 Rb8
34. Ra7 Ra8 35. Ree7 Rxa7 36. Rxa7 Bd3 37. Bd5 h6 38. Ra8 Rxa8 39. Bxa8 Kg8 40.
f4 Kf7 41. Kf2 Kf6 42. Ke3 Bf1 43. h4 Kf5 44. Kf3 Bd3 45. Bb7 Kf6 46. Ke3 Bf1
47. g3 Kf5 48. Bc8+ Kf6 49. Kd4 Ke7 50. Kc5 Kd8 51. Be6 a5 52. Bc4 Bg2 53. Kb5
Ke7 54. Kxa5 Kf6 55. Bb5 Bd5 56. a4 Kf5 57. Bd7+ Ke4 58. Kb6 Ke3 59. a5 Kf2 60.
a6 1-0

[Event "TCh-CHN 2017"]
[Site "China CHN"]
[Date "2017.12.03"]
[Round "20.5"]
[Board "5"]
[White "Hong, Xing"]
[Black "Harika, Dronavalli"]
[Result "1/2-1/2"]
[BlackTitle "GM"]
[WhiteElo "2017"]
[BlackElo "2504"]
[WhiteTeam "Qingdao"]
[BlackTeam "Hangzhou"]
[WhiteFideId "8606129"]
[BlackFideId "5015197"]
[EventDate "2017.04.18"]

1. e4 d6 2. d4 Nf6 3. Nc3 g6 4. Bg5 c6 5. f3 Nbd7 6. Bd3 Qc7 7. Qd2 h6 8. Be3
Bg7 9. Nge2 a6 10. h4 h5 11. Bg5 b5 12. Nd1 e5 13. c3 O-O 14. Bh6 d5 15. exd5
cxd5 16. Bxg7 Kxg7 17. dxe5 Nxe5 18. O-O Re8 19. Nf2 Bd7 20. Nd4 Nc6 21. Nxc6
Bxc6 22. Nh3 Rad8 23. Qf2 d4 24. cxd4 Qd6 25. Rfc1 Nh7 26. Bf1 Bd7 27. g3 Bxh3
28. Bxh3 Qxd4 29. Qxd4+ Rxd4 30. Rc2 Nf6 31. Kf2 Nd5 32. Re1 Rd8 33. a3 Nb6 34.
Bf1 R8d6 35. Rec1 Nc4 36. Bxc4 bxc4 37. Rxc4 Rd2+ 38. Ke3 Rxb2 39. R1c3 a5 40.
Rc5 Ra6 41. Rc2 Rb3+ 42. R2c3 a4 43. Kd4 Rd6+ 44. Ke4 Rb1 45. Rc1 Re6+ 46. Kf4
Rb8 47. R5c4 Rb5 48. Rc5 Rb3 49. R1c3 Reb6 50. Ke4 Re6+ 51. Kd3 Rb2 52. Rc2 Rb1
53. Rc1 Rd6+ 54. Ke3 Re6+ 55. Kd3 Rb8 56. R5c4 Rd6+ 57. Ke3 Re8+ 58. Re4 Ra8 1/2-1/2

[Event "TCh-CHN 2017"]
[Site "China CHN"]
[Date "2017.12.03"]
[Round "20.6"]
[Board "1"]
[White "Zeng, Chongsheng"]
[Black "Rapport, Richard"]
[Result "1/2-1/2"]
[WhiteTitle "GM"]
[BlackTitle "GM"]
[WhiteElo "2547"]
[BlackElo "2707"]
[WhiteTeam "Chongqing"]
[BlackTeam "Shenzhen"]
[WhiteFideId "8603847"]
[BlackFideId "738590"]
[EventDate "2017.04.18"]

1. d4 Nf6 2. c4 e6 3. g3 Bb4+ 4. Bd2 Be7 5. Bg2 O-O 6. Nf3 b6 7. Nc3 Bb7 8. O-O
Na6 9. Bf4 Ne4 10. Nxe4 Bxe4 11. Qa4 Qc8 12. Rfd1 Re8 13. Rac1 c5 14. d5 Bf6 15.
dxe6 dxe6 16. Ne5 Bxg2 17. Kxg2 Nb4 18. a3 Bxe5 19. Bxe5 Qc6+ 20. Qxc6 Nxc6 21.
Bc3 Red8 22. f4 f6 23. Kf3 Kf7 24. g4 a5 25. a4 Ke7 26. h4 h5 27. g5 Kf7 28. e4
Ne7 29. Be1 f5 30. e5 Ke8 31. Ke3 Ng6 32. Bg3 Rac8 33. Ra1 Ne7 34. Be1 Ng6 35.
Bg3 1/2-1/2

[Event "TCh-CHN 2017"]
[Site "China CHN"]
[Date "2017.12.03"]
[Round "20.6"]
[Board "2"]
[White "Andreikin, Dmitry"]
[Black "Wang, Hao"]
[Result "1/2-1/2"]
[WhiteTitle "GM"]
[BlackTitle "GM"]
[WhiteElo "2712"]
[BlackElo "2709"]
[WhiteTeam "Chongqing"]
[BlackTeam "Shenzhen"]
[WhiteFideId "4158814"]
[BlackFideId "8602883"]
[EventDate "2017.04.18"]

1. d4 Nf6 2. c4 e6 3. Nf3 d5 4. Bg5 dxc4 5. Qa4+ Nbd7 6. e3 c5 7. Nc3 cxd4 8.
Nxd4 Be7 9. Bxc4 O-O 10. Qc2 Nb6 11. Bb3 Bd7 12. O-O Rc8 13. Rfd1 Qc7 14. Rac1
Qc5 15. h4 Qa5 16. Qd3 h6 17. Bxf6 Bxf6 18. Qe4 Rc7 19. Nce2 Qe5 20. Qxe5 Bxe5
21. f4 Rxc1 22. Rxc1 Bf6 23. g3 e5 24. fxe5 Bxe5 25. Kf2 g6 26. Nf4 Kg7 27. Nd3
Bd6 28. e4 Re8 29. e5 Bb8 30. e6 fxe6 31. Nc5 Kf6 32. Kg2 Be5 33. Nxd7+ Nxd7 34.
Rf1+ Ke7 35. Nxe6 Bxb2 36. Nf4 Ne5 37. Ne6 Nd7 1/2-1/2

[Event "TCh-CHN 2017"]
[Site "China CHN"]
[Date "2017.12.03"]
[Round "20.6"]
[Board "3"]
[White "Zhou, Weiqi"]
[Black "Liu, Qingnan"]
[Result "1/2-1/2"]
[WhiteTitle "GM"]
[BlackTitle "GM"]
[WhiteElo "2613"]
[BlackElo "2522"]
[WhiteTeam "Chongqing"]
[BlackTeam "Shenzhen"]
[WhiteFideId "8601674"]
[BlackFideId "8603294"]
[EventDate "2017.04.18"]

1. d4 d5 2. c4 e6 3. Nf3 Nf6 4. g3 Be7 5. Bg2 O-O 6. O-O dxc4 7. Qc2 a6 8. a4
Bd7 9. Qxc4 Bc6 10. Bg5 Bd5 11. Qc2 Be4 12. Qc1 Nc6 13. e3 Rc8 14. Nbd2 Bg6 15.
Nc4 Be4 16. Ncd2 Bg6 17. Nc4 Be4 1/2-1/2

[Event "TCh-CHN 2017"]
[Site "China CHN"]
[Date "2017.12.03"]
[Round "20.6"]
[Board "4"]
[White "Ushenina, Anna"]
[Black "Lei, Tingjie"]
[Result "1/2-1/2"]
[WhiteTitle "GM"]
[BlackTitle "GM"]
[WhiteElo "2416"]
[BlackElo "2528"]
[WhiteTeam "Shenzhen"]
[BlackTeam "Chongqing"]
[WhiteFideId "14110911"]
[BlackFideId "8605114"]
[EventDate "2017.04.18"]

1. Nf3 d5 2. d4 Nf6 3. c4 e6 4. Nc3 c6 5. g3 Nbd7 6. Bg2 dxc4 7. a4 Be7 8. O-O
O-O 9. a5 Nd5 10. Qa4 b5 11. axb6 N7xb6 12. Qxc6 Bd7 13. Qb7 Bc8 14. Qc6 a6 15.
Bd2 Bd7 16. Qb7 Bc8 17. Qc6 Bd7 18. Qb7 Bc8 19. Qc6 Bd7 1/2-1/2

[Event "TCh-CHN 2017"]
[Site "China CHN"]
[Date "2017.12.03"]
[Round "20.6"]
[Board "5"]
[White "Du, Yuxin"]
[Black "Tan, Zhongyi"]
[Result "0-1"]
[BlackTitle "GM"]
[WhiteElo "2120"]
[BlackElo "2517"]
[WhiteTeam "Shenzhen"]
[BlackTeam "Chongqing"]
[WhiteFideId "8610282"]
[BlackFideId "8603642"]
[EventDate "2017.04.18"]

1. e4 e5 2. Nf3 Nc6 3. Bb5 a6 4. Ba4 Nf6 5. d3 Bc5 6. O-O d6 7. c3 Ba7 8. Bg5 h6
9. Bh4 Bd7 10. Nbd2 Qe7 11. Re1 g5 12. Bg3 O-O-O 13. b4 h5 14. h4 g4 15. Ng5 Ng8
16. d4 f6 17. Ne6 Qxe6 18. d5 Qe8 19. dxc6 Bxc6 20. Bxc6 Qxc6 21. c4 Ne7 22. Qb3
Bd4 23. b5 Qb6 24. Rab1 c5 25. bxa6 Qxa6 26. Qb5 Kc7 27. Rb3 Ra8 28. Reb1 Qxb5
29. Rxb5 Rhb8 30. Nb3 Nc6 31. Nxd4 Nxd4 32. R5b2 Ra4 33. Rc1 Rba8 34. Rcb1 R8a7 0-1

[Event "TCh-CHN 2017"]
[Site "China CHN"]
[Date "2017.12.04"]
[Round "21.1"]
[Board "1"]
[White "Zeng, Chongsheng"]
[Black "Wang, Yiye"]
[Result "0-1"]
[WhiteTitle "GM"]
[BlackTitle "IM"]
[WhiteElo "2547"]
[BlackElo "2435"]
[WhiteTeam "Chongqing"]
[BlackTeam "Beijing"]
[WhiteFideId "8603847"]
[BlackFideId "8606021"]
[EventDate "2017.04.18"]

1. e4 e6 2. d4 d5 3. e5 c5 4. c3 Nc6 5. Nf3 Qb6 6. a3 c4 7. Nbd2 Na5 8. g3 Bd7
9. Bg2 Ne7 10. O-O h6 11. Re1 O-O-O 12. Rb1 Kb8 13. h4 Nc8 14. Nf1 f5 15. exf6
gxf6 16. Bh3 Nb3 17. Be3 Bd6 18. N3d2 Nxd2 19. Qxd2 h5 20. Bf4 Bxf4 21. gxf4
Rdg8+ 22. Ng3 f5 23. Qe3 Qd8 24. Kh2 Qxh4 25. Rg1 Ka8 26. Rbf1 Nd6 27. Ne2 Ne4
28. f3 Nf6 29. Qe5 Ng4+ 30. fxg4 hxg4 31. Rg3 Qd8 32. Ng1 Rh5 33. Rf2 Rgh8 34.
Re2 a6 35. Qd6 Qe8 36. Ree3 Bc8 37. Qb4 Qd8 38. Qa4 Qc7 39. Re5 Rh4 40. Qd1 Qh7
41. Ree3 Qc7 42. Re5 Qh7 43. Qd2 Bd7 44. Re1 Qh6 45. Qe3 gxh3 46. Ne2 Rg4 47.
Reg1 Rhg8 48. Rxh3 Qg6 49. Ng3 Ba4 50. Qf2 Qf6 51. Kg2 Qg7 52. Kh2 Qc7 53. Rf1
Qg7 54. Rg1 Rh8 55. Rxh8+ Qxh8+ 56. Kg2 Qh6 57. Rf1 e5 58. Rh1 Qg7 59. dxe5 d4
60. Rh3 d3 61. Kh2 Bc6 62. Qd4 Qg8 63. Qf2 Bd5 64. Qe3 Rg6 65. Qd4 Bf3 66. a4
Bg4 67. Rh4 Bd1 68. Rh3 Bxa4 69. Kg2 Bc6+ 70. Kf2 Rg4 71. Qe3 Bd5 72. Qd4 Be4
73. Qe3 Bd5 74. Qd4 Be4 75. Qe3 Kb8 76. Rh6 d2 77. Qxd2 Rxg3 78. Qd6+ Ka8 79.
Rh8 Rf3+ 0-1